01081 a2200193 45000010006000000050017000060080041000230030015000640400040000790800032001192450036001512640033001873000019002205050484002390410008007231000028007317000029007598560099007884736220260407155741.0260407a1986 arg spa dAR-UNSa-BCEJYS aAR-UNSa-BCEJYSbspacAR-UNSa-BCEJYS a94:33xHistoria económica10aLa crisis económica 1929-1939 1aBarcelona :bCríticac1986 a397 p.c20 cm. a1. Introducción - 2. La recuperación después de la primera guerra mundial -3. El boom - 4. La depresión agricola - 5. El crac del mercado de valores de 1929 - 6. La caída del abismo - 7. 1931 - 8. Más deflación - 9. La conferencia económica mundial - 10. Los comienzos de la recuperación - 11. El bloque del otro cede - 12. La recesión de 1937 - 13. El remarme en una economía mundial en desintegración - 14. Una explicación de la depresión de 1929.  aspa1 aArgemi D´Abadal, LLuis1 aKindleberger, Charles P.41uhttps://www.biblioeco.unsa.edu.ar/pmb/images/libros/L127485.jpgyImagen de portadaqimage/jpeg